=LDR 00000nam 2200000 4500 =001 INLIS000000000034154 =005 20130612140053 =008 ***********************************ind** =035 ##$$0010-061300000034154 =041 ##$$a ind =082 ##$$a 910.7 =090 ##$$a 910.7, Wal,m =100 ##$$a Waluya,Bagja =245 ##$$a Memahami Geografi SMA/MA Untuk Kelas x,Smester 1 dan 2, Bagja Waluya ; Editor Dr Gurniwan Kamil Pasya M.Si =260 ##$$a 2009 $b Jakarta =300 ##$$a vi,286 hlm., Illus., 25 cm =650 ##$$a Geografi-Studi dan Pengajaran =700 ##$$a Pasya,Gurniwan Kamil Dr.M.Si =850 ##$$a NBPNMAT =990 ##$$a 0001/BPAP-NTB/20142014 =990 ##$$a 0001/BPAP-NTB/20142014 =990 ##$$a 0001/BPAP-NTB/2015 =990 ##$$a 1317413174 =990 ##$$a 0001/BPAP-NTB/20142014 =990 ##$$a 0001/BPAP-NTB/20142014 =990 ##$$a 0001/BPAP-NTB/2015 =990 ##$$a 01201713174